Effect of micro-finance on poverty reduction in households within Kibera slums, Nairobi, kenya (Record no. 16247)

MARC details
000 -LEADER
fixed length control field 00613nam a22001697a 4500
008 - FIXED-LENGTH DATA ELEMENTS--GENERAL INFORMATION
fixed length control field 161124b xxu||||| |||| 00| 0 eng d
040 ## - CATALOGING SOURCE
Original cataloging agency KABU
Transcribing agency KABU
050 ## - LIBRARY OF CONGRESS CALL NUMBER
Classification number HC865
Item number .Z9P63 2013 c. 1
100 ## - MAIN ENTRY--PERSONAL NAME
Personal name Nang'ame, Paul Abidan
245 ## - TITLE STATEMENT
Title Effect of micro-finance on poverty reduction in households within Kibera slums, Nairobi, kenya
Statement of responsibility, etc. Paul Abidan Nang'ame
250 ## - EDITION STATEMENT
Edition statement 1st ed.
260 ## - PUBLICATION, DISTRIBUTION, ETC. (IMPRINT)
Place of publication, distribution, etc. Nakuru, Kenya
Name of publisher, distributor, etc. Kabarak University
Date of publication, distribution, etc. 2013
300 ## - PHYSICAL DESCRIPTION
Extent xi, 65 p.
700 ## - ADDED ENTRY--PERSONAL NAME
Personal name Asienga, Irene
700 ## - ADDED ENTRY--PERSONAL NAME
Personal name Bichanga, Julius
942 ## - ADDED ENTRY ELEMENTS (KOHA)
Source of classification or shelving scheme Library of Congress Classification
Koha item type Thesis, Dissertation and Projecs
Edition 1st ed.
Classification part HC865 .Z9P63 2013 c. 1
Call number prefix KTC/The
Holdings
Withdrawn status Lost status Source of classification or shelving scheme Not for loan Home library Current library Shelving location Date acquired Total Checkouts Full call number Barcode Date last seen Date last checked out Copy number Price effective from Koha item type
    Library of Congress Classification   Kabarak, Nakuru City Campus Kabarak, Nakuru City Campus Reference 24/11/2016 2 HC865 .Z9P63 2013 c. 1 016486 04/11/2019 04/11/2019 c. 1 24/11/2016 Thesis, Dissertation and Projecs
Designed with assistance from East African Informatics Ltd